Normal view
MARC view
Entry Personal Name
001 - CONTROL NUMBER
- control field: 10398
003 - CONTROL NUMBER IDENTIFIER
- control field: ARRUPE
005 - DATE AND TIME OF LATEST TRANSACTION
- control field: 20140520140657.0
008 - FIXED-LENGTH DATA ELEMENTS
- fixed length control field: 140520|| aca||aabn | a|a d
040 ## - CATALOGING SOURCE
- Original cataloging agency: ARRUPE
- Transcribing agency: ARRUPE
100 ## - HEADING--PERSONAL NAME
- Personal name: Watt, Steve.
670 ## - SOURCE DATA FOUND
- Source citation: Work cat.: (ARRUPE)0: Watt, Steve., The Battle of Vaalkrans :, 1999.